Handbook on specifications of raw materials utilized by Nigerian industries (Record no. 30710)

MARC details
000 -LEADER
fixed length control field 00632nam a2200193Ia 4500
020 ## - INTERNATIONAL STANDARD BOOK NUMBER
ISBN 9789785216929
050 ## - CALL MARK
Classification number HF 1054.N6 .H36/
100 ## - STATEMENT OF RESPONSIBILITY--MAIN AUTHOR NAME
Personal name Raw Materials Research and Development Council.
245 #0 - TITLE STATEMENT
Title Handbook on specifications of raw materials utilized by Nigerian industries
250 ## - EDITION / VOLUME STATEMENT
Edition / Volume statement 3rd ed.
260 ## - PUBLICATION, DISTRIBUTION, ETC. (IMPRINT)
Place of publication Abuja
260 ## - PUBLICATION, DISTRIBUTION, ETC. (IMPRINT)
Name of publisher Raw Materials Research and Development Council.
260 ## - PUBLICATION, DISTRIBUTION, ETC. (IMPRINT)
Year of publication 2012
300 ## - PHYSICAL DESCRIPTION
Number of Pages 328 p
650 ## - SUBJECT ADDED ENTRY--TOPICAL TERM
Topical Term Raw materials--Specifications--Nigeria--Handbooks, manuals, etc. Industries--Nigeria.
942 ## - ADDED ENTRY ELEMENTS (KOHA)
Koha item type Books
Holdings
Withdrawn status Lost status Source of classification or shelving scheme Damaged status Not for loan Permanent Location Current Location Date acquired Accession Number Price effective from Koha item type
    Library of Congress Classification     NILE UNIVERSITY OF NIGERIA - MAIN LIBRARY NILE UNIVERSITY OF NIGERIA - MAIN LIBRARY 04/23/2025 0186695 04/23/2025 Books